The Yampa coal field, Routt county, Colorado / (Record no. 24612)

MARC details
000 -LEADER
fixed length control field 01241cam a22003131i 4500
001 - CONTROL NUMBER
control field gs 07000679
003 - CONTROL NUMBER IDENTIFIER
control field DLC
005 - DATE AND TIME OF LATEST TRANSACTION
control field 20260227111306.0
008 - FIXED-LENGTH DATA ELEMENTS--GENERAL INFORMATION
fixed length control field 790305s1906 dcuabf f001 0 eng
010 ## - LIBRARY OF CONGRESS CONTROL NUMBER
LC control number gs 07000679
035 ## - SYSTEM CONTROL NUMBER
System control number (OCoLC)4712297
040 ## - CATALOGING SOURCE
Original cataloging agency DLC
Transcribing agency ICharE
Modifying agency DLC
043 ## - GEOGRAPHIC AREA CODE
Geographic area code n-us-co
050 00 - LIBRARY OF CONGRESS CALL NUMBER
Classification number QE75
Item number .B9 no. 297
051 ## - LIBRARY OF CONGRESS COPY, ISSUE, OFFPRINT STATEMENT
Classification number TN805.C6
Item number F4
Copy information Copy 2.
100 1# - MAIN ENTRY--PERSONAL NAME
Personal name Fenneman, Nevin Melancthon,
Dates associated with a name 1865-1945.
245 14 - TITLE STATEMENT
Title The Yampa coal field, Routt county, Colorado /
Statement of responsibility, etc. by N.M. Fenneman and Hoyt S. Gale, with a chapter on the character and use of the Yampa coals by Marius R. Campbell.
260 ## - PUBLICATION, DISTRIBUTION, ETC.
Place of publication, distribution, etc. Washington,
Name of publisher, distributor, etc. Govt. Print. Off.,
Date of publication, distribution, etc. 1906.
300 ## - PHYSICAL DESCRIPTION
Extent 96, vi p. :
Other physical details ill., ix pl. (incl. fold. map) diagrs. ;
Dimensions 24 cm.
490 1# - SERIES STATEMENT
Series statement U.S. Geological survey. Bulletin
Volume/sequential designation no. 297
500 ## - GENERAL NOTE
General note Subject series: A, Economic geology, 84; B, Descriptive geology, 104.
500 ## - GENERAL NOTE
General note Issued also as House doc. no. 936, 59th Cong., 1st sess.
500 ## - GENERAL NOTE
General note Literature : p. 11.
500 ## - GENERAL NOTE
General note Includes index.
650 #0 - SUBJECT ADDED ENTRY--TOPICAL TERM
Topical term or geographic name entry element Coal
Geographic subdivision Colorado.
700 1# - ADDED ENTRY--PERSONAL NAME
Personal name Gale, Hoyt S.
Fuller form of name (Hoyt Stoddard),
Dates associated with a name 1876-
700 0# - ADDED ENTRY--PERSONAL NAME
Personal name Campbell, Marius R.
Fuller form of name (Marius Robinson),
Dates associated with a name 1858-1940.
810 2# - SERIES ADDED ENTRY--CORPORATE NAME
Corporate name or jurisdiction name as entry element Geological Survey (U.S.).
Title of a work Bulletin ;
Volume/sequential designation no. 297.

No items available.

Powered by Koha